Dessins Animés par GIFS #1 - Statistiques

Statistiques générales
  • Ce quiz a été pris 602 fois
  • Le résultat moyen est 21 sur 30
Statistiques - réponses
Hint Réponse % Correct
Scooby-Doo
94%
Foot 2 rue
93%
Oggy et les Cafards
93%
Pokemon
93%
Bob l'éponge
92%
Oui-Oui
91%
Dragon Ball Z
89%
South Park
87%
Olive et Tom
83%
Pingu
83%
Famille Pirate
80%
Tom Sawyer
78%
Le Bus Magique
75%
Les Razmoket
75%
Les Chevaliers du Zodiaque
74%
Les Griffin (Family Guy)
74%
Batman
67%
La Cour de récré
67%
La Famille Delajungle
67%
Ulysse 31
66%
Les Malheurs de Sophie
63%
Princesse Sarah
61%
Hé Arnold !
57%
Crypte Show
56%
Rémi sans famille
55%
Jeanne et Serge
50%
Doug
49%
Jumanji
43%
L'école des champions
43%
Les Tortues Ninja
39%
Aucun quiz correspondant
Distribution des résultats
% des personnes avec chaque résultat
Percentile par nombre de réponses
Votre historique - résultats
Vous n’avez pas pris ce quiz